000 00409nam a2200169Ia 4500
008 230524s9999 xx 000 0 und d
020 _a9780070634145
082 _a4.6
_bFOR
100 _aBehrouz A.Forouzan
245 0 _aData Communications & Networking
250 _a3RD
260 _aNEW DELHI
_bTMH
_c2004
300 _aXXV;949
500 _aQuantity Number: 274
650 _aComp-Sc
942 _cBK
999 _c28136
_d28136